Tribhuvan University Central Library

Sanskritiko serophero; sanskritik lekhharu (Record no. 70074)

MARC details
000 -LEADER
fixed length control field 00467nam a22001817a 4500
008 - FIXED-LENGTH DATA ELEMENTS--GENERAL INFORMATION
fixed length control field 000000b xxu||||| |||| 00| 0 und d
015 ## - NATIONAL BIBLIOGRAPHY NUMBER
-- NNB
020 ## - INTERNATIONAL STANDARD BOOK NUMBER
International Standard Book Number 978-9937-20215-2
Terms of availability Rs.100.00
041 ## - LANGUAGE CODE
Language code of text/sound track or separate title Nep
082 ## - DEWEY DECIMAL CLASSIFICATION NUMBER
Classification number N306.09
Item number Po338s
-- N
100 ## - MAIN ENTRY--PERSONAL NAME
Personal name Pokhrel, Di. Ar.
245 ## - TITLE STATEMENT
Title Sanskritiko serophero; sanskritik lekhharu
260 ## - PUBLICATION, DISTRIBUTION, ETC.
Place of publication, distribution, etc. Chitwan
Name of publisher, distributor, etc. Babu Ram Pandey
Date of publication, distribution, etc. 2064 B.S.
300 ## - PHYSICAL DESCRIPTION
Extent 86p.
650 ## - SUBJECT ADDED ENTRY--TOPICAL TERM
Topical term or geographic name entry element Culture
650 ## - SUBJECT ADDED ENTRY--TOPICAL TERM
Topical term or geographic name entry element Festivals
942 ## - ADDED ENTRY ELEMENTS (KOHA)
Koha item type General Collections
Source of classification or shelving scheme Dewey Decimal Classification
Holdings
Withdrawn status Lost status Damaged status Not for loan Home library Current library Date acquired Total Checkouts Full call number Barcode Date last seen Price effective from Koha item type
        Tribhuvan University Central Library Tribhuvan University Central Library 04/16/2014   N306.09 Po338s G68806 04/16/2014 04/16/2014 General Collections